Microprocessor 8086 : (Record no. 195224)

MARC details
000 -LEADER
fixed length control field 00585nam a22001937a 4500
005 - DATE AND TIME OF LATEST TRANSACTION
control field 20230313161028.0
010 ## - LCCN (DPL NO)
LC control number ENG-136383
020 ## - INTERNATIONAL STANDARD BOOK NUMBER
International Standard Book Number 9788120340879
Terms of availability 450.00
035 ## - SYSTEM CONTROL NUMBER
System control number EN-119915
037 ## - SOURCE OF ACQUISITION
Source of stock number/acquisition DBAD/PUB
082 ## - DEWEY DECIMAL CLASSIFICATION NUMBER
Classification number 004.16076
100 ## - MAIN ENTRY--PERSONAL NAME
Personal name Mathur, Sunil
245 ## - TITLE STATEMENT
Title Microprocessor 8086 :
Statement of responsibility, etc By Sunil Mathur
Remainder of title Architecture,Programming and Interfacing /
250 ## - EDITION STATEMENT
Edition statement 2011
260 ## - PUBLICATION, DISTRIBUTION, ETC. (IMPRINT)
Place of publication, distribution, etc New Delhi
Name of publisher, distributor, etc PHI Learning Pvt Ltd
270 ## - ADDRESS
City New Delhi
Address M-97, Connaught Circus,
Postal code 110001
300 ## - PHYSICAL DESCRIPTION
Extent xxiii672p.
Dimensions 23cm(pb)
942 ## - ADDED ENTRY ELEMENTS (KOHA)
Source of classification or shelving scheme Dewey Decimal Classification
Item type English Books
Call number suffix SUN
Classification part 004.16076
Holdings
Withdrawn status Lost status Not for loan Collection code Home library Current library Date acquired Source of acquisition Cost, normal purchase price Full call number Barcode Copy number Koha item type
      Non-fiction Katevara Katevara 13/03/2023 DBAD/PUB 450.00 004.16076 SUN EN-119915 1 English Books

© Delhi Public Library
Hit Counter
free hit counter